000 00337nam a2200145Ia 4500
008 151213s9999 xx 000 0 und d
100 _aJ.G.Starke
245 _aInternational Law
_cJ.G.Starke
260 _aNew Delhi
_bAditya Books
_c1994
300 _a2102 p.
650 _aLaw
650 _aLaw
700 _aJ.G.Starke
999 _c1549
_d1549